Detalles MARC
| 000 -CABECERA |
| campo de control de longitud fija |
01738nam a2200313 i 4500 |
| 001 - NÚMERO DE CONTROL |
| campo de control |
16253 |
| 003 - IDENTIFICADOR DEL NÚMERO DE CONTROL |
| campo de control |
DO-SdUEMH |
| 005 - FECHA Y HORA DE LA ÚLTIMA TRANSACCIÓN |
| campo de control |
20260127163820.0 |
| 007 - CAMPO FIJO DE DESCRIPCIÓN FÍSICA--INFORMACIÓN GENERAL |
| campo de control de longitud fija |
ta |
| 008 - DATOS DE LONGITUD FIJA--INFORMACIÓN GENERAL |
| campo de control de longitud fija |
211105s2004||||dr a|||gr|||| 0|| | spa d |
| 020 ## - NÚMERO INTERNACIONAL ESTÁNDAR DEL LIBRO |
| Número Internacional Estándar del Libro |
9993448133 |
| 040 ## - FUENTE DE LA CATALOGACIÓN |
| Centro catalogador/agencia de origen |
DO-SdUEMH |
| Lengua de catalogación |
spa |
| Normas de descripción |
rda |
| 041 ## - CÓDIGO DE LENGUA |
| Código de lengua del texto/banda sonora o título independiente |
spa |
| 082 14 - NÚMERO DE LA CLASIFICACIÓN DECIMAL DEWEY |
| Número de clasificación |
RD342.7293 C758N 2004 |
| Colección |
Colección Dominicana |
| Número de documento/Ítem |
F363 |
| 084 ## - OTRO NÚMERO DE CLASIFICACIÓN |
| Item number |
08-00299 |
| 100 #1 - ENTRADA PRINCIPAL--NOMBRE DE PERSONA |
| Término indicativo de función/relación |
autora |
| 110 ## - ENTRADA PRINCIPAL--NOMBRE DE ENTIDAD CORPORATIVA |
| Nombre de entidad corporativa o nombre de jurisdicción como elemento de entrada |
Universidad Iberoamericana |
| 245 #0 - MENCIÓN DE TÍTULO |
| Título |
La Constitución de 1963 40 Años Después: Vigencia y Perspectivas / |
| Mención de responsabilidad, etc. |
Aura Celeste Fernández |
| 260 ## - PUBLICACIÓN, DISTRIBUCIÓN, ETC. |
| Date of publication, distribution, etc. |
2004 |
| 264 #1 - PRODUCCIÓN, PUBLICACIÓN, DISTRIBUCIÓN, FABRICACIÓN Y COPYRIGHT |
| Lugar de producción, publicación, distribución, fabricación |
Santo Domingo, República Dominicana : |
| Nombre del de productor, editor, distribuidor, fabricante |
Taína, S. A. |
| Fecha de producción, publicación, distribución, fabricación o copyright |
2004 |
| 264 #4 - PRODUCCIÓN, PUBLICACIÓN, DISTRIBUCIÓN, FABRICACIÓN Y COPYRIGHT |
| Fecha de producción, publicación, distribución, fabricación o copyright |
©2004 |
| 300 ## - DESCRIPCIÓN FÍSICA |
| Extensión |
xli,171, iv páginas : |
| Otras características físicas |
ilustraciones ; |
| Dimensiones |
21 cm. |
| 336 ## - TIPO DE CONTENIDO |
| Fuente |
rdacontent |
| Término de tipo de contenido |
texto |
| Código de tipo de contenido |
txt |
| 337 ## - TIPO DE MEDIO |
| Fuente |
rdamedia |
| Nombre del tipo de medio |
sin mediación |
| Código del tipo de medio |
n |
| 338 ## - TIPO DE SOPORTE |
| Fuente |
rdacarrier |
| Nombre del tipo de soporte |
volumen |
| Código del tipo de soporte |
nc |
| 505 #2 - NOTA DE CONTENIDO CON FORMATO |
| Nota de contenido con formato |
Primera Parte -- Palabras de bienvenida -- Palabras de apertura del acto en conmemoración del 40 aniversario de la Constitución de 1963 -- Palabras de la autora de la obra Constitución de la Nación Dominicana de 1963 -- Palabras de apertura al panel Constitución de 1963, 40 años después: vigencia y perspectivas -- Segunda Parte -- Los Derechos Sociales en la Constitución de 1963 -- La Constitución de 1963 y sus Antecedentes -- Derechos Humanos en la Constitución de 1963 -- Factores que incidieron en la formación de la Constitución de 1963 -- Trascendencia histórica de la Constitución de 1963: insinuaciones para la Revolución Democrática y Popular Dominicana -- Impacto de la Constitución de 1963 en la prensa -- El legado de la Constitución de 1963 a la reforma constitucional pendiente -- Palabras de cierre del evento. |
| 942 ## - ELEMENTOS DE PUNTO DE ACCESO ADICIONAL (KOHA) |
| Fuente del sistema de clasificación o colocación |
Dewey Decimal Classification |
| Tipo de ítem Koha |
Libro |
| Suprimir en OPAC |
No |